000 00500nam a2200193 a 4500
001 1768117515732
003 YourLibrary
005 20260112125814.0
008 260111s2008##################000#0#eng##
020 _a9780230549210
082 0 4 _a302.2223
_bMOO
100 1 _aMoore, Sarah E.H.,
_eauthor.
245 1 0 _aRibbon Culture :
260 _bPalgrave MacMillan,
_c2008.
300 _a208 pages
650 0 _aPolitical Science.
942 _cENGLISH
040 _aYourLibrary
_beng
_cYourLibrary
999 _c608267
_d608267